1121 1772 1441 1681 1819 1618 1926 1099 1718 1919 1072 1740 1389 1790 1225 1330 1530 1489 1209 1174 1349 1647 1664 1898 1670 1238 1388 1818 1130 1658 1206 1702 1088 1708 1360 1326 1673 1983 1719 1718 1697 1130 1934 1863 1555 1418 1507 1498 1310 1894 1087 1379 1193 1097 1242 1300 1772 1024 1378 1769 1407 1695 1306 1510 1399 1286 1624 1247 1027 1729 1160 1209 1459 1637 1120 1770 1592 1441 1658 1513 1354 1543 1464 1796 1135 1762 1554 1227 1204 1850 1269 1851 1084 1759 1242 1799 1071 1576 1131 BCNSPRNW ULIB Ver.6.0+V

เปลี่ยนเป็นภาษาไทย

Change to English
 แสดงรายละเอียดบรรณานุกรม
  กลับหน้าหลัก

Brief Record : Get Marc (ISO 2709) : E-mail record : QR code < ปิดหน้าต่าง
LEADER : 00000nam 2200000uu 4500
001    13399110990
003     ULIB
008    110614s||||||||th 000 0 tha d
020    9748212513(ล.9)
050  4 AC159^bส631น ล.9 2543
245 00 108 ซองคำถาม.^nเล่ม 9 /^cประวิทย์ สุวณิชย์, บรรณาธิการ
250    พิมพ์ครั้งที่ 2
260    กรุงเทพฯ :^bสารคดี,^c2543
300    206 หน้า :^bภาพประกอบ
650  4 ความรู้ทั่วไป
650  4 รวมเรื่อง
650  4 คำถามและคำตอบ
700 0  ประวิทย์ สุวณิชย์
945    ^p95^l0^i015947
995    ทศพร
999 ^a ใช้งานได้ทุกระบบ
รายการนี้ยังไม่มีแท็ก
คุณยังไม่ได้ล็อกอิน คุณสามารถมีกิจกรรมร่วมกับเว็บไซต์ได้ แต่ต้องล็อกอินก่อน ::
  ล็อกอิน

รายการสื่อสารสนเทศ

ลำดับที่ ประเภท เลขเรียก/บาร์โค้ด สถานที่ สถานะ
- ไม่พบข้อมูล -

รายการใกล้เคียง
    หัวเรื่อง [ความรู้ทั่วไป]
    หัวเรื่อง [รวมเรื่อง]
    หัวเรื่อง [คำถามและคำตอบ]

BibComment


ยังไม่เคยถูกคอมเมนท์

คอมเมนท์ทรัพยากรรายการนี้
  คอมเมนท์: 108 ซองคำถาม เล่ม..


 Copyright 2026. Bcnsprnw @Library